书目信息 |
| 题名: |
危险化学品安全知识百问百答
|
|
| 作者: | 本书编写组 | |
| 分册: | ||
| 出版信息: | 北京 中国劳动出版社 2015 |
|
| 页数: | 116页 | |
| 开本: | 26cm | |
| 丛书名: | ||
| 单 册: | ||
| 中图分类: | TQ086.5-44 | |
| 科图分类: | ||
| 主题词: | 化工厂 | |
| 电子资源: | ||
| ISBN: | 978-7-5045-9563-8 | |
| 000 | 00620nam0 2200193 450 | |
| 001 | 899 | |
| 005 | 20160912090918.48 | |
| 010 | @a978-7-5045-9563-8@b平装@dCNY12.00 | |
| 100 | @a20160724d2015 km y0chiy0120 ea | |
| 101 | 0 | @achi |
| 102 | @aCN@b110000 | |
| 200 | 1 | @a危险化学品安全知识百问百答@Awei xian hua xue pin an quan zhi shi bai wen bai da@f本书编写组@Fben shu bian xie zu |
| 210 | @a北京@c中国劳动出版社@d2015 | |
| 215 | @a116页@d26cm | |
| 330 | @a化工产品·危险物品管理:安全管理·问题解答 | |
| 606 | 0 | @a化工厂 |
| 690 | @aTQ086.5-44@v4 | |
| 801 | 0 | @aCN@b唐山师范学院图书馆@c20160724 |
| 905 | @aZUCC@dTQ086.5-44@e268 | |
| 危险化学品安全知识百问百答/本书编写组.-北京:中国劳动出版社,2015 |
| 116页;26cm |
| ISBN 978-7-5045-9563-8(平装):CNY12.00 |
| 化工产品·危险物品管理:安全管理·问题解答 |
| ● |
| 相关链接 |
|
|
|
|
正题名:危险化学品安全知识百问百答
索取号:TQ086.5-44/268
 
预约/预借
| 序号 | 登录号 | 条形码 | 馆藏地/架位号 | 状态 | 备注 |
| 1 | 904326 | 209043266 | 第二样本阅览室/ [索取号:TQ086.5-44/268] | 在馆 | |
| 2 | 904327 | 209043275 | 第三借阅区/ [索取号:TQ086.5-44/268] | 在馆 | |
| 3 | 904328 | 209043284 | 第三借阅区/ [索取号:TQ086.5-44/268] | 在馆 | |
| 4 | 904329 | 209043293 | 第三借阅区/ [索取号:TQ086.5-44/268] | 在馆 |